00949nam a2200301Ia 4500003001000000005001700010007000300027008004100030020001500071040003500086084001100121100003600132245005000168250001900218264003000237300002500267336002700292337003300319338002800352490001400380500003300394521002900427650003600456650004000492650003500532650004300567650003700610CO-BoRNBP20230601164840.0ta160825s2008 sp g 000 0 spa  a8433966952 aCO-BoRNBPbspaerdacCO-BoRNBP aN BRY11 aBryce Echenique, Alfredod1939-10aUn mundo para JuliuscAlfredo Bryce Echenique a4a. edición  aBarcelonabAnagramac2001 a480 paginas c20 cm  atextobtxt2rdacontent asin mediaciónbn2rdamedia avolumenbnc2rdacarrier aCompactos aIncluye datos biográficos  aRecomendado para adultos142LEMBaNovela peruana ySiglo XX142LEMBaLiteratura peruana ySiglo XX142LEMBaNiños en la literatura142LEMBaVida cotidiana en la literatura 142LEMBaEmociones en la literatura